[Event "NOR-ch Rapid"]
[Site "Bergen"]
[Date "2024.01.13"]
[Round "1"]
[White "Sande, Odmund"]
[Black "Vestby Ellingsen, Mads"]
[Result "0-1"]
[WhiteElo "1883"]
[BlackElo "2329"]
[PlyCount "56"]
[EventDate "2024.01.13"]
[EventType "swiss (rapid)"]
[EventRounds "10"]
[EventCountry "NOR"]
[SourceTitle "CB03_2024"]
[SourceDate "2024.01.17"]
[SourceVersion "1"]
[SourceVersionDate "2024.01.17"]
[SourceQuality "1"]

1. d4 d5 2. c4 c6 3. Nc3 Nf6 4. Nf3 e6 5. Bg5 h6 6. Bh4 dxc4 7. a4 Bb4 8. Bxf6 Qxf6 9. e3 b5 10. Be2 Nd7 11. 0-0 Bxc3 12. bxc3 0-0 13. Qb1 a6 14. e4 Qe7 15. Re1 Rb8 16. Bf1 Bb7 17. Nd2 e5 18. d5 Rfe8 19. Qc2 cxd5 20. exd5 Bxd5 21. axb5 axb5 22. Ra7 Ra8 23. Rea1 Qc5 24. Rxa8 Rxa8 25. Rb1 Nf6 26. Qf5 Be6 27. Qf3 Ra2 28. Rd1 Bg4 0-1

[Event "Helsingor Xtracon op"]
[Site "Helsingor"]
[Date "2016.07.27"]
[Round "6"]
[White "Madsen, Dennis"]
[Black "Sande, Odmund"]
[Result "0-1"]
[WhiteElo "1665"]
[BlackElo "1877"]
[PlyCount "82"]
[EventDate "2016.07.23"]
[EventType "swiss"]
[EventRounds "10"]
[EventCountry "DEN"]
[SourceTitle "CBM 173 Extra"]
[Source "ChessBase"]
[SourceDate "2016.08.29"]
[SourceVersion "1"]
[SourceVersionDate "2016.08.29"]
[SourceQuality "1"]

1. d4 Nf6 2. f3 d5 3. e4 dxe4 4. Nc3 e3 5. Bxe3 Bf5 6. Bc4 e6 7. g4 Bg6 8. Nh3 c6 9. Nf4 Nd5 10. Ncxd5 exd5 11. Bb3 Bd6 12. h4 Qe7 13. Kf2 h6 14. Nxg6 fxg6 15. Qd3 Qf6 16. Bg5 hxg5 17. hxg5 Qf8 18. Qxg6+ Kd7 19. Rxh8 Qxh8 20. Qf7+ Be7 21. Re1 Qf8 22. Qe6+ Kd8 23. c4 Bxg5 24. cxd5 Bh4+ 25. Kg2 Bxe1 26. Qxe1 Qe7 27. Qe6 Qxe6 28. dxe6 Na6 29. f4 Nc7 30. f5 Ke7 31. Kf3 Rd8 32. Ke4 Nd5 33. g5 g6 34. Ke5 gxf5 35. Kxf5 Rg8 36. g6 Nc7 37. Bc4 b5 38. Bb3 Rf8+ 39. Ke5 Rf6 40. g7 Rg6 41. d5 cxd5 0-1

[Event "Helsingor Xtracon op"]
[Site "Helsingor"]
[Date "2016.07.25"]
[Round "4"]
[White "Jacobsen, Per"]
[Black "Sande, Odmund"]
[Result "0-1"]
[WhiteElo "1636"]
[BlackElo "1877"]
[PlyCount "136"]
[EventDate "2016.07.23"]
[EventType "swiss"]
[EventRounds "10"]
[EventCountry "DEN"]
[SourceTitle "CBM 173 Extra"]
[Source "ChessBase"]
[SourceDate "2016.08.29"]
[SourceVersion "1"]
[SourceVersionDate "2016.08.29"]
[SourceQuality "1"]

1. b3 d5 2. Bb2 c5 3. e3 Nc6 4. Nf3 e6 5. Be2 Nf6 6. 0-0 Be7 7. a3 0-0 8. d4 Ne4 9. c4 cxd4 10. Nxd4 a5 11. cxd5 exd5 12. Nd2 Bd7 13. Nxe4 dxe4 14. Rc1 Qe8 15. Nb5 Rc8 16. Nd6 Bxd6 17. Qxd6 Qe6 18. Qg3 Qg6 19. Qxg6 hxg6 20. Rc5 Be6 21. Rb5 Nd8 22. Bd4 a4 23. Bc5 axb3 24. Bxf8 Kxf8 25. Bd1 Rc3 26. h3 Bc4 27. Rb6 Nc6 28. Re1 Ne5 29. Be2 Nd3 30. Rb1 Rc2 31. Bd1 Bd5 32. R6xb3 Bxb3 33. Bxc2 Bxc2 34. Rxb7 Ba4 35. Ra7 Bc6 36. a4 Nb4 37. a5 Bd5 38. Rc7 Na6 39. Ra7 Bc4 40. f3 exf3 41. gxf3 g5 42. Kf2 g6 43. Ke1 Kg7 44. Kd2 Kf6 45. Kc3 Bf1 46. Kd4 Ke6 47. Rb7 f5 48. Rb6+ Kf7 49. Rb7+ Kf6 50. Rb6+ Kg7 51. Rb7+ Kh6 52. Ra7 Nb4 53. Kc3 Nc6 54. Ra8 Bxh3 55. a6 Bg2 56. a7 Nxa7 57. Rxa7 Bxf3 58. Kd4 g4 59. Ke5 Kg5 60. Ra1 g3 61. Rg1 g2 62. Ke6 Kg4 63. Kf6 g5 64. Ke5 Be4 65. Kf6 Kf3 66. Kxg5 Kf2 67. Rxg2+ Kxg2 68. Kf4 Kf2 0-1

[Event "Politiken Cup 37th"]
[Site "Helsingor"]
[Date "2015.07.28"]
[Round "5"]
[White "Sande, Odmund"]
[Black "Heinis, Vincent"]
[Result "0-1"]
[WhiteElo "1898"]
[BlackElo "2094"]
[PlyCount "46"]
[EventDate "2015.07.25"]
[EventType "swiss"]
[EventRounds "10"]
[EventCountry "DEN"]
[SourceTitle "CBM 167 Extra"]
[Source "ChessBase"]
[SourceDate "2015.09.14"]
[SourceVersion "1"]
[SourceVersionDate "2015.09.14"]
[SourceQuality "1"]

1. d4 e6 2. Nf3 Nf6 3. c4 c5 4. d5 exd5 5. cxd5 d6 6. Nc3 g6 7. e4 Bg7 8. Bd3 Bg4 9. Qa4+ Nbd7 10. Nd2 0-0 11. Nc4 a6 12. Qc2 b5 13. Ne3 c4 14. Bf1 Nc5 15. h3 Bd7 16. Be2 Rc8 17. f3 Nh5 18. 0-0 Nf4 19. Bxc4 bxc4 20. Nxc4 Ncd3 21. Na3 Nxc1 22. Raxc1 Qg5 23. Kh1 Bxc3 0-1

[Event "Politiken Cup 37th"]
[Site "Helsingor"]
[Date "2015.07.26"]
[Round "2"]
[White "Micalizio, Tiziano Wul"]
[Black "Sande, Odmund"]
[Result "0-1"]
[WhiteElo "1644"]
[BlackElo "1898"]
[PlyCount "68"]
[EventDate "2015.07.25"]
[EventType "swiss"]
[EventRounds "10"]
[EventCountry "DEN"]
[SourceTitle "CBM 167 Extra"]
[Source "ChessBase"]
[SourceDate "2015.09.14"]
[SourceVersion "1"]
[SourceVersionDate "2015.09.14"]
[SourceQuality "1"]

1. d4 Nf6 2. Nf3 g6 3. g3 Bg7 4. Bg2 0-0 5. 0-0 d5 6. c4 e6 7. Nc3 c6 8. Bf4 dxc4 9. Ne5 Nd5 10. e3 g5 11. Bxg5 Qxg5 12. Ne4 Qe7 13. Nxc4 Nd7 14. Qc2 N7f6 15. Ng5 h6 16. Nf3 Bd7 17. a3 Rac8 18. e4 Nb6 19. e5 Ne8 20. Na5 Rc7 21. b4 Bc8 22. Nh4 Rd7 23. Rad1 Nc7 24. f4 Rfd8 25. Nb3 Nb5 26. f5 Qg5 27. f6 Bf8 28. Rf4 Nd5 29. Bxd5 Rxd5 30. Nf3 Qg6 31. Qc1 h5 32. Rd2 Bh6 33. Rg2 Kh8 34. Nh4 Qh7 0-1

[Event "NOR-chB"]
[Site "Stavanger"]
[Date "2005.07.03"]
[Round "2"]
[White "Sande, Odmund"]
[Black "Johnsen, Svein Harald"]
[Result "1-0"]
[WhiteElo "1790"]
[BlackElo "1803"]
[PlyCount "44"]
[EventDate "2005.07.01"]
[EventType "swiss"]
[EventRounds "9"]
[EventCountry "NOR"]
[SourceTitle "CBM 107 Extra"]
[Source "ChessBase"]
[SourceDate "2005.09.01"]
[SourceVersion "1"]
[SourceVersionDate "2005.09.01"]
[SourceQuality "1"]

1. d4 Nf6 2. c4 e6 3. Nc3 Bb4 4. e3 b6 5. Nf3 0-0 6. Bd3 Ba6 7. 0-0 d5 8. Ne5 Bxc3 9. bxc3 dxc4 10. Nxc4 Qd5 11. Qe2 Nc6 12. f3 Na5 13. e4 Qd7 14. Nxa5 Bxd3 15. Qxd3 bxa5 16. c4 Rfb8 17. e5 Ne8 18. Bd2 Qa4 19. f4 Rb6 20. f5 g6 21. fxg6 hxg6 22. Qf3 Qd7 1-0